[Event "Rheinland Pfalz op 11th"]
[Site "Weilerbach"]
[Date "2019.06.23"]
[Round "7"]
[White "Schwarz, Jochen"]
[Black "Schreidl, Michael"]
[Result "1-0"]
[WhiteElo "1943"]
[BlackElo "1586"]
[PlyCount "65"]
[EventDate "2019.06.20"]
[EventType "swiss"]
[EventRounds "7"]
[EventCountry "GER"]
[SourceTitle "CBM 191 Extra"]
[Source "ChessBase"]
[SourceDate "2019.09.30"]
[SourceVersion "1"]
[SourceVersionDate "2019.09.30"]
[SourceQuality "1"]

1. c4 e6 2. Nc3 Nf6 3. e4 d5 4. e5 d4 5. exf6 dxc3 6. bxc3 Qxf6 7. d4 c5 8. Nf3 cxd4 9. cxd4 Bb4+ 10. Bd2 Nc6 11. Bxb4 Nxb4 12. Be2 0-0 13. 0-0 Rd8 14. Qb3 Nc6 15. d5 exd5 16. cxd5 Nd4 17. Nxd4 Qxd4 18. Rad1 Qb6 19. Qxb6 axb6 20. Bc4 b5 21. Bb3 Ra6 22. Rfe1 Rad6 23. f3 b6 24. Re7 R6d7 25. Rde1 Kf8 26. d6 Rxd6 27. Rxf7+ Kg8 28. Rf6+ Kh8 29. Rxd6 Rf8 30. Red1 h6 31. Rd8 Rxd8 32. Rxd8+ Kh7 33. Rxc8 1-0

[Event "Rheinland Pfalz op 11th"]
[Site "Weilerbach"]
[Date "2019.06.22"]
[Round "6"]
[White "Schreidl, Michael"]
[Black "Michels, Fabio"]
[Result "1-0"]
[WhiteElo "1586"]
[BlackElo "1753"]
[PlyCount "41"]
[EventDate "2019.06.20"]
[EventType "swiss"]
[EventRounds "7"]
[EventCountry "GER"]
[SourceTitle "CBM 191 Extra"]
[Source "ChessBase"]
[SourceDate "2019.09.30"]
[SourceVersion "1"]
[SourceVersionDate "2019.09.30"]
[SourceQuality "1"]

1. e4 c5 2. Nf3 Nc6 3. d4 cxd4 4. Nxd4 g6 5. Nc3 Bg7 6. Be3 Nf6 7. Bc4 d6 8. Bb3 Bd7 9. 0-0 0-0 10. h3 a6 11. Qd2 b5 12. a3 Rc8 13. f4 Nxd4 14. Bxd4 a5 15. Rae1 Qc7 16. e5 dxe5 17. fxe5 Ne8 18. Nd5 Qb7 19. Nxe7+ Kh8 20. Nxc8 Bxc8 21. Bc5 1-0

[Event "GER-ch U12"]
[Site "Willingen"]
[Date "2019.06.09"]
[Round "1"]
[White "Schreidl, Michael"]
[Black "Haenselmann, Hendrik"]
[Result "1-0"]
[WhiteElo "1586"]
[BlackElo "1819"]
[PlyCount "45"]
[EventDate "2019.06.08"]
[EventType "swiss"]
[EventRounds "9"]
[EventCountry "GER"]
[SourceTitle "CBM 191 Extra"]
[Source "ChessBase"]
[SourceDate "2019.09.30"]
[SourceVersion "1"]
[SourceVersionDate "2019.09.30"]
[SourceQuality "1"]

1. e4 c5 2. Nf3 e6 3. d4 cxd4 4. Nxd4 Nc6 5. Nc3 Qc7 6. Be3 a6 7. Bd3 Nf6 8. 0-0 Nxd4 9. Bxd4 Bc5 10. Bxc5 Qxc5 11. Qe2 d6 12. Rad1 0-0 13. Kh1 Bd7 14. f4 Bc6 15. Rf3 d5 16. e5 Nd7 17. Rg3 Qe7 18. Bxh7+ Kxh7 19. Qh5+ Kg8 20. Rxg7+ Kxg7 21. Qg4+ Kh7 22. Rd3 Nf6 23. Rh3+ 1-0

[Event "Pfalz op-B 10th"]
[Site "Neustadt an der Weinstrasse"]
[Date "2019.03.03"]
[Round "4"]
[White "Hibberd, Nigel"]
[Black "Schreidl, Michael"]
[Result "0-1"]
[WhiteElo "1777"]
[BlackElo "1422"]
[PlyCount "50"]
[EventDate "2019.03.01"]
[EventType "swiss"]
[EventRounds "7"]
[EventCountry "GER"]
[SourceTitle "CBM 189 Extra"]
[Source "ChessBase"]
[SourceDate "2019.05.31"]
[SourceVersion "1"]
[SourceVersionDate "2019.05.31"]
[SourceQuality "1"]

1. f4 d5 2. e3 Nf6 3. Nf3 c5 4. Be2 Nc6 5. b3 g6 6. Bb2 Bg7 7. 0-0 0-0 8. h3 Re8 9. d3 d4 10. e4 e5 11. Bc1 exf4 12. e5 Nd5 13. a3 Ne3 14. Bxe3 fxe3 15. c3 Nxe5 16. c4 Nxf3+ 17. Rxf3 b6 18. Ra2 Bb7 19. a4 Bxf3 20. Bxf3 Rc8 21. Na3 Qe7 22. Re2 Qh4 23. Nb5 Be5 24. Qe1 Qf4 25. g4 Qxf3 0-1

[Event "Pfalz op-B 10th"]
[Site "Neustadt an der Weinstrasse"]
[Date "2019.03.03"]
[Round "5"]
[White "Schreidl, Michael"]
[Black "Wilke, Joerg"]
[Result "1/2-1/2"]
[WhiteElo "1422"]
[BlackElo "1916"]
[PlyCount "32"]
[EventDate "2019.03.01"]
[EventType "swiss"]
[EventRounds "7"]
[EventCountry "GER"]
[SourceTitle "CBM 189 Extra"]
[Source "ChessBase"]
[SourceDate "2019.05.31"]
[SourceVersion "1"]
[SourceVersionDate "2019.05.31"]
[SourceQuality "1"]

1. e4 c5 2. Nf3 Nc6 3. d4 cxd4 4. Nxd4 d6 5. Nc3 Nf6 6. f3 g6 7. Be3 Bg7 8. Qd2 Nxd4 9. Bxd4 a6 10. Nd5 Nxd5 11. Bxg7 Rg8 12. Qxd5 Rxg7 13. Bc4 e6 14. Qd4 Rg8 15. 0-0-0 Ke7 16. Rd2 Qc7 1/2-1/2